header

iPhone With Microsoft Exchange Server 2010 (Record no. 247376)

MARC details
000 -LEADER
fixed length control field 01248nam a2200313Ia 4500
100 1# - MAIN ENTRY--AUTHOR NAME
Personal name Goodman, Steve.
245 10 - TITLE STATEMENT
Title iPhone With Microsoft Exchange Server 2010
260 ## - PUBLICATION, DISTRIBUTION, ETC. (IMPRINT)
Place of publication Birmingham, UK :
Name of publisher Packt Publishing Ltd.,
Year of publication 2012.
300 ## - PHYSICAL DESCRIPTION
Number of Pages 272 p. :
Other physical details col. ill.
500 ## - GENERAL NOTE
General note Includes index.
650 #0 - SUBJECT ADDED ENTRY--TOPICAL TERM
Topical Term iPhone (Smartphone)
Topical Term Client/server computing
Topical Term Application software
856 40 - ELECTRONIC LOCATION AND ACCESS
Uniform Resource Identifier http://site.ebrary.com/lib/rucke/Doc?id=10547158

No items available.

© 2026 Rongo University
Contact us: librarian | system librarian | Rongo university